|
|
|
|
| LEADER |
00000nab a2200000 a 4500 |
| 001 |
vtls010255150 |
| 003 |
SK-MaSNL |
| 005 |
20260304162755.0 |
| 008 |
25050708c2006 xo o e slon |
| 035 |
|
|
|a SVKKK000085206
|
| 035 |
|
|
|a urn:nbn:sk:snk-abc6on
|
| 035 |
|
|
|a (urnnbn)urn:nbn:sk:snk:ar-001ibb
|
| 035 |
|
|
|a (uuid)8b0541d3-48c9-498e-8f62-46e1099062e5
|
| 038 |
|
|
|a SVKKK
|
| 040 |
|
|
|a SNKBUCL
|b slo
|c SNKBUCL
|e AACR2
|
| 041 |
0 |
|
|a eng
|b eng
|
| 044 |
|
|
|a xo
|c SK
|
| 080 |
|
|
|a 620.18
|2 1997
|
| 080 |
|
|
|a 621.762
|2 1997
|
| 080 |
|
|
|a 669.782.018.9
|2 1997
|
| 100 |
1 |
|
|a Dusza, Ján,
|d 1952-
|4 aut
|9 114540
|
| 245 |
1 |
0 |
|a Fracture and mechanical properties of MoSi2 and MoSi2+SiC
|c J. Dusza, P. Hvizdoš
|
| 300 |
|
|
|b Obr., tab.
|
| 504 |
|
|
|a Bibliogr. odkazy
|
| 504 |
|
|
|a Res. angl.
|
| 650 |
0 |
7 |
|a kompozity MoSi2+SiC
|x mikroštruktúra
|x lom
|x vlastnosti mechanické
|2 snkbucl
|9 1488839
|
| 650 |
0 |
7 |
|a prášky kovové
|2 snkbucl
|9 947223
|
| 700 |
1 |
|
|a Hvizdoš, P.
|4 aut
|9 817117
|
| 773 |
0 |
|
|t Kovové materiály
|g Roč. 44, č. 5 (2006), s. 251-258
|x 0023-432X
|
| 850 |
|
|
|a Slovenská národná knižnica
|
| 852 |
|
|
|a Slovenská národná knižnica
|
| 958 |
|
|
|a article15
|
| 958 |
|
|
|a NB
|
| 958 |
|
|
|a OND
|
| 958 |
|
|
|a EUIPO
|
| 999 |
|
|
|c 2975513
|d 2977443
|